000
00282nam a2200121 4500
999
_c
10621
_d
10621
003
OSt
005
20220429161446.0
008
220429b ||||| |||| 00| 0 eng d
082
_a
747.92
100
_a
Televisions Harry butler
245
_a
Home decorating using light
942
_2
ddc